Grandia characters quiz. - Statistics

General Stats
  • This quiz has been taken 17 times
  • The average score is 22 of 29
Answer Stats
Group Clue Name % Correct
Playable A green-haried, famous adventurer of New Parm. Feena
100%
Playable Our starting character. Red-haired, aspiring adventurer from Parm. Justin
100%
Playable The starting character's best friend. She likes to tag along on his adventures. Don't call her a kid! Sue
100%
Garlyle Forces The son of the general and a colonel in his own right. Follows in his father's footsteps, but he's his own man. Mullen
94%
Garlyle Forces The general of the Garlyle forces. He's desperate for Spirit Stones. Baal
88%
Garlyle Forces The aide-de-camp of the colonel. Loyal to her superior, even though she's far more altruistic than he. Leen
88%
Playable A noble warrior from the fishing village Dight. He's strict about his swordsman's training. Gadwin
82%
Playable The all-knowing observer of world events and the lone resident of Alent. Liete
82%
Garlyle Forces Third of the three officers who frequently try to get in the player's way. The green-haired, calculating one. Mio
82%
Garlyle Forces One of the three officers who frequently try to get in the player's way. The lavender-haired, meanest one. Nana
82%
Garlyle Forces Second of the three officers who frequently try to get in the player's way. The red-haired, loud one. Saki
82%
Non-Playable A former pirate, now a restaurant owner and the mother of the hero. Lilly
76%
Non-Playable A strange animal found by the hero's dad. Hangs around on the head of the second character. Puffy
76%
Playable A brash young man from Cafu who doesen't like to be told what to do. Rapp
76%
Final Boss The world-eating beast that the Garlyle general wants to unleash. Gaia
71%
Non-Playable The rival of the hero in their home town. A bit of a bully. Gantz
71%
Playable A world-travelled merchant, elder of Zil Padon, and leader of the Mogay people. Guido
71%
Non-Playable A semi-retired adventurer who lives near Parm. Just don't ask if he's retired. Java
71%
Playable A giant of a woman with a heart of gold and fists of iron. Milda
71%
Non-Playable Inherited the Adventurer's Society from his old man, but he's an incompotent fool. Pakon
71%
Non-Playable A kid who lives in Luc in the misty forest. Taken prisoner by the Garlyle. Rem
71%
Non-Playable The smoothest oarsman in Gumbo. Takes you to the tower ruins. Danda
65%
Non-Playable One of the three Wise men of Laine. Husband to the giant woman. Darlin
65%
Non-Playable Second of Laine's Wise Men. Doesn't do much apart from a little advice. Derlin
65%
Non-Playable The third Wise Man. Lost an appendage and went a little crazy as a result. Obsessed with the woman from Alent. Dorlin
65%
Non-Playable The rival's easily-upset little brother. Tentz
59%
Non-Playable The kindly doctor who runs her own clinic in Dight. Alma
53%
Non-Playable This little kid from Cafu idolizes the playable character from the same village. Nicky
53%
Non-Playable The girlfriend of the oarsman. She's completely infatuated with him. Naina
41%
No matching quizzes found
Score Distribution
Percent of People with Each Score
Percentile by Number Answered
Your Score History
You have not taken this quiz